Statistiques concernant Pays les plus proches de l'Irak

Cliquez ici pour prendre le quiz!

Statistiques générales

  • Ce quiz a été pris 283 fois
  • Le résultat moyen est 16 sur 20

Statistiques - réponses

kmpays% Correct
0Iran
100%
0Arabie Saoudite
96%
0Syrie
96%
0Turquie
95%
292Israël
94%
0Jordanie
94%
0Koweït
89%
220Liban
88%
222Arménie
85%
211Azerbaïdjan
85%
686Émirats arabes unis
85%
492Qatar
85%
419Géorgie
82%
468Égypte
81%
448Bahreïn
75%
510Russie
75%
463Chypre
74%
697Turkménistan
72%
834Kazakhstan
54%
321Palestine
25%

Distribution des résultats

Percentile par nombre de réponses

% des personnes avec chaque résultat

Votre développement - résultats

Vous n’avez pas pris ce quiz